000 00788nam a2200229Ii 4500
003 JO-AjNU
008 230605s9999||||xx |||||||||||||| ||und||
017 _a11330
020 _a978-977-308-591-9
040 _aJO-AjNU
_bara
_erda
_cJO-AjNU
041 _aara
050 1 4 _aRJ506.2019
100 3 _aمحمد، حسن احمد رمضان، م مشارك ابراهيم جابر السيد احمد ,
_eauthor
_961914
245 0 0 _aاثر اضطرابات التوحد على سلوك الاطفال
250 _aط1
264 3 1 _aدسوق: دار العلم والايمان للنشر والتوزيع، 2019
300 _a228ص
336 _atext
_btxt
_2rdacontent
337 _aunmediated
_bn
_2rdamedia
338 _avolume
_bnc
_2rdacarrier
650 4 _aالتوحد
_961915
999 _aA28010
_c31578
_d31578